000
00326nam a2200133Ia 4500
008
191014s9999 xx 000 0 und d
020
_a
LC 57-14599
082
_a
620.1
_b
FER
100
_a
Enrico Fermi
_9
20450
245
0
_a
Thermo-dynamics
260
_a
USA
_b
Dover Publications INC.
_c
1936
300
_a
X,160
942
_c
BK
999
_c
531036
_d
531036